| 000 | 00999 a2200229 4500 | ||
|---|---|---|---|
| 005 | 20260402153323.0 | ||
| 008 | 260402b |||||||| |||| 00| 0 eng d | ||
| 020 | _a9789390872237 (pbk) | ||
| 037 | _cTB | ||
| 040 |
_aCRL _cCRL |
||
| 041 |
_2hin _ahin |
||
| 084 | _aO152,6N43:g R1 | ||
| 100 |
_aपालीवाल, कृष्णदत्त _9862647 |
||
| 245 | _aसंस्कृति से संवाद शास्त्र से ऊपर लोक | ||
| 260 |
_aनई दिल्ली, भारत: _bसस्ता साहित्य मण्डल प्रकाशन, _c2021. |
||
| 300 | _a202पृ. | ||
| 365 |
_b180.00 _cINR |
||
| 650 | _aहिन्दी निबंध | ||
| 650 | _aहिन्दी साहित्य | ||
| 942 |
_cTB _2CC _hO152,6N43:g R1 |
||
| 999 |
_c1467141 _d1467141 |
||